Album in studio di Zucchero - Statistics

Statistiche generali
  • Questo quiz è stato fatto 8 volte
  • Il punteggio medio è 7 su 14
Statistiche sulle risposte
Anno Titolo % Corretto
1987 Blue's
86%
1989 Oro, incenso e birra
71%
1998 Bluesugar
57%
2010 Chocabeck
57%
2006 Fly
57%
1992 Miserere
57%
1986 Rispetto
57%
2001 Shake
57%
1995 Spirito DiVino
57%
1983 Un po' di Zucchero
43%
1985 Zucchero & The Randy Jackson Band
43%
2016 Black Cat
29%
2019 D.O.C.
29%
2012 La sesion cubana
29%
Nessun quiz corrispondente trovato
Distribuzione punteggi
Percentuale di utenti per punteggio
Percentile per numero di risposta
I tuoi punteggi nel tempo
Non hai fatto questo quiz